000 00701nam a2200289Ia 4500
005 20260324143735.0
008 008 260324s9999 xx 000 0 eng d
020 _a9781351309400
037 _aEBOOK
040 _aCRL
040 _beng
040 _cCRL
041 _2eng
041 _aeng
084 _qCRL
100 _aAlan A. Block
_91213289
245 0 _aMasters of Paradise
245 0 _bOrganised Crime and the Internal Revenue Service in the Bahamas
260 _bTaylor and Francis
260 _c1991
365 _a
365 _b230
856 _uhttp://www.taylorfrancis.com/books/9781351309400
942 _cEBOOK
999 _c1822511
_d1822511